[Event "Moscow City Team-ch"]
[Site "Moscow"]
[Date "2021.09.15"]
[Round "5"]
[White "Kamaeva, Dzhamilya"]
[Black "Arutyunova, Yuliya"]
[Result "1-0"]
[WhiteElo "1681"]
[BlackElo "1771"]
[PlyCount "63"]
[EventDate "2021.09.11"]
[EventType "team-swiss"]
[EventRounds "7"]
[EventCountry "RUS"]
[SourceTitle "EXT 2022"]
[Source "ChessBase"]
[SourceDate "2021.10.06"]
[SourceVersion "1"]
[SourceVersionDate "2021.10.06"]
[SourceQuality "1"]

1. d4 d5 2. Nf3 Nf6 3. e3 e6 4. Bd3 Be7 5. 0-0 0-0 6. b3 Nbd7 7. Bb2 c5 8. Nbd2 b6 9. Ne5 Nxe5 10. dxe5 Ne8 11. f4 g6 12. Rf3 Bb7 13. Rh3 Ng7 14. Qe2 f5 15. Rf1 Rf7 16. g4 Rc8 17. c4 fxg4 18. Qxg4 dxc4 19. Bxg6 hxg6 20. Qxg6 Bh4 21. Nxc4 Rc6 22. Nd6 Rxd6 23. exd6 Qxd6 24. Rxh4 Qd2 25. Bc1 Qd5 26. Qg4 e5 27. Rd1 Qe4 28. Rd8+ Rf8 29. Rh8+ Kxh8 30. Rxf8+ Kh7 31. Qh4+ Kg6 32. Rf6# 1-0

[Event "Moscow City Team-ch"]
[Site "Moscow"]
[Date "2021.09.11"]
[Round "1"]
[White "Arutyunova, Yuliya"]
[Black "Khlypovka, Lada"]
[Result "0-1"]
[WhiteElo "1771"]
[BlackElo "1555"]
[PlyCount "150"]
[EventDate "2021.09.11"]
[EventType "team-swiss"]
[EventRounds "7"]
[EventCountry "RUS"]
[SourceTitle "EXT 2022"]
[Source "ChessBase"]
[SourceDate "2021.10.06"]
[SourceVersion "1"]
[SourceVersionDate "2021.10.06"]
[SourceQuality "1"]

1. b3 Nf6 2. Bb2 d5 3. e3 c5 4. d4 Nc6 5. Nf3 Bg4 6. Be2 e6 7. 0-0 Bd6 8. c4 0-0 9. Nc3 a6 10. Rc1 cxd4 11. exd4 Bf4 12. Rb1 Ne4 13. cxd5 Nxc3 14. Bxc3 exd5 15. h3 Bf5 16. Bd3 Qd7 17. Bxf5 Qxf5 18. Re1 Rfe8 19. Rb2 Rxe1+ 20. Qxe1 g5 21. Re2 g4 22. hxg4 Qxg4 23. Ne5 Nxe5 24. dxe5 Rc8 25. Bb2 Rc6 26. g3 Qh3 27. Qf1 Qg4 28. Ba3 Rh6 29. Re1 Rh3 30. Qe2 Qg6 31. e6 fxe6 32. Qxe6+ Qxe6 33. Rxe6 Bg5 34. Re5 Bf6 35. Rxd5 Rh6 36. Rd7 b5 37. Ra7 Bd4 38. Rd7 Bc3 39. Rd8+ Kf7 40. Rf8+ Ke6 41. Rc8 Bg7 42. Rc6+ Kf5 43. Rc7 Bd4 44. Kg2 Ke4 45. Rg7 Kd3 46. Rd7 Kc3 47. Rc7+ Kd3 48. Bc1 Rf6 49. Bf4 h6 50. Rd7 Kc3 51. Rd5 Re6 52. Kf3 h5 53. Rxh5 Kb2 54. Rd5 Bc3 55. Bd2 b4 56. g4 Kxa2 57. g5 Kxb3 58. Kf4 Kc4 59. Rd8 Bxd2+ 60. Rxd2 b3 61. Kf5 Re8 62. g6 a5 63. g7 a4 64. Re2 Rb8 65. Re4+ Kc3 66. Re3+ Kd2 67. Rg3 b2 68. Rg1 Kc2 69. Kf6 b1Q 70. Rxb1 Kxb1 71. f4 a3 72. Kf7 a2 73. g8Q Rxg8 74. Kxg8 a1Q 75. f5 Qf6 0-1

[Event "Moscow op-A 17th"]
[Site "Moscow"]
[Date "2021.02.25"]
[Round "6"]
[White "Arutyunova, Yuliya"]
[Black "Korovko, Iakov1111"]
[Result "1-0"]
[WhiteElo "1802"]
[BlackElo "1606"]
[PlyCount "127"]
[EventDate "2021.02.20"]
[EventType "swiss"]
[EventRounds "9"]
[EventCountry "RUS"]
[SourceTitle "CBM 200 Extra"]
[Source "ChessBase"]
[SourceDate "2021.03.31"]
[SourceVersion "1"]
[SourceVersionDate "2021.03.31"]
[SourceQuality "1"]

1. b3 e5 2. c4 Nf6 3. Bb2 Nc6 4. Nc3 Bc5 5. e3 0-0 6. Nf3 d5 7. Na4 Be7 8. Nxe5 Nxe5 9. Bxe5 Ng4 10. Bb2 Bh4 11. g3 Bf6 12. d4 dxc4 13. bxc4 Bd7 14. Bg2 Qe7 15. Nc5 Bf5 16. 0-0 h5 17. h3 Nh6 18. Qxh5 Rad8 19. Nxb7 Rb8 20. a4 c6 21. Ba3 Qxb7 22. Bxf8 Rxf8 23. g4 Bg6 24. Qc5 Rc8 25. g5 Be7 26. Qe5 Nf5 27. Rab1 Qc7 28. Qxc7 Rxc7 29. Rb8+ Kh7 30. Rfb1 Nd6 31. Rc1 Bd3 32. c5 Ne4 33. Rb3 Nxc5 34. dxc5 Ba6 35. Be4+ g6 36. h4 f6 37. gxf6 Bxf6 38. h5 Re7 39. Bxg6+ Kh6 40. Rb8 Rd7 41. f4 Re7 42. Kf2 Rd7 43. Kf3 Rd2 44. Rc2 Rd1 45. Rf8 Rf1+ 46. Kg2 Bg7 47. Rf7 Ra1 48. Rxa7 Rxa4 49. Rc7 Bb5 50. Rd2 Ra8 51. Rd6 Rg8 52. Bf7+ Bf6+ 53. Bxg8 Bd3 54. Rxf6+ Kxh5 55. Bf7+ Kg4 56. Rcxc6 Be4+ 57. Kf2 Bxc6 58. Rxc6 Kf5 59. Be6+ Ke4 60. Ra6 Kd3 61. c6 Ke4 62. c7 Kd3 63. c8Q Ke4 64. Qc4# 1-0

[Event "Novi Sad Put Svile Schev"]
[Site "Novi Sad"]
[Date "2021.??.??"]
[Round "2"]
[White "Arutyunova, Yuliya"]
[Black "Jaksic, Dejan"]
[Result "1-0"]
[WhiteElo "1778"]
[BlackElo "1931"]
[PlyCount "52"]
[EventDate "2021.07.20"]
[EventType "schev"]
[EventRounds "8"]
[EventCountry "SRB"]
[SourceTitle "EXT 2022"]
[Source "ChessBase"]
[SourceDate "2021.10.06"]
[SourceVersion "1"]
[SourceVersionDate "2021.10.06"]
[SourceQuality "1"]
[WhiteTeam "Theam B"]
[BlackTeam "Theam A"]
[WhiteTeamCountry "SRB"]
[BlackTeamCountry "SRB"]

1. b3 e5 2. Bb2 d6 3. e3 Nc6 4. c4 Nf6 5. Nc3 Be7 6. d4 exd4 7. exd4 d5 8. Nf3 Bg4 9. Be2 0-0 10. Ne5 Bxe2 11. Nxe2 Bb4+ 12. Kf1 Ne7 13. Nd3 Ba5 14. c5 c6 15. b4 Bc7 16. a4 a6 17. Ng3 Re8 18. f3 Ng6 19. Kf2 Qd7 20. Re1 Rxe1 21. Qxe1 Re8 22. Qd2 h6 23. Re1 Bxg3+ 24. hxg3 Rxe1 25. Kxe1 Qc7 26. Ne5 Ne7 1-0

[Event "Novi Sad Put Svile Schev"]
[Site "Novi Sad"]
[Date "2021.??.??"]
[Round "6"]
[White "Arutyunova, Yuliya"]
[Black "Lalic, Nikola"]
[Result "0-1"]
[WhiteElo "1778"]
[BlackElo "1825"]
[PlyCount "90"]
[EventDate "2021.07.20"]
[EventType "schev"]
[EventRounds "8"]
[EventCountry "SRB"]
[SourceTitle "EXT 2022"]
[Source "ChessBase"]
[SourceDate "2021.10.06"]
[SourceVersion "1"]
[SourceVersionDate "2021.10.06"]
[SourceQuality "1"]
[WhiteTeam "Theam B"]
[BlackTeam "Theam A"]
[WhiteTeamCountry "SRB"]
[BlackTeamCountry "SRB"]

1. b3 e5 2. Bb2 Nc6 3. e3 d5 4. Bb5 Bd6 5. Nc3 a6 6. Bxc6+ bxc6 7. Qe2 Ne7 8. Nf3 Ng6 9. h3 e4 10. Nh2 0-0 11. 0-0-0 a5 12. f3 f5 13. d3 exd3 14. Qxd3 Qe7 15. Kb1 Ba6 16. Qd2 Rae8 17. e4 fxe4 18. fxe4 dxe4 19. Rde1 e3 20. Qd4 Bg3 21. Nf3 Bxe1 22. Rxe1 e2 23. Qa7 Ra8 24. Qf2 Rfe8 25. Qd4 Qe3 26. Qd7 Ne5 27. Nxe5 Qxe5 28. Nxe2 Qe7 29. Qg4 Qf7 30. c4 Bc8 31. Qg3 Bf5+ 32. Kc1 Qg6 33. Qxg6 Bxg6 34. Bc3 a4 35. Nf4 Rxe1+ 36. Bxe1 axb3 37. axb3 Ra1+ 38. Kd2 Be4 39. Bf2 Kf8 40. b4 Rb1 41. Kc3 g5 42. Nd3 Bxg2 43. h4 Rf1 44. hxg5 Be4 45. Ne5 Rxf2 0-1

[Event "Moscow op (Women) 16th"]
[Site "Moscow"]
[Date "2020.01.27"]
[Round "3"]
[White "Protopopova, Anastasiya"]
[Black "Arutyunova, Yuliya"]
[Result "1-0"]
[WhiteElo "2233"]
[BlackElo "1844"]
[PlyCount "67"]
[EventDate "2020.01.25"]
[EventType "swiss"]
[EventRounds "9"]
[EventCountry "RUS"]
[SourceTitle "CBM 194 Extra"]
[Source "ChessBase"]
[SourceDate "2020.03.31"]
[SourceVersion "1"]
[SourceVersionDate "2020.03.31"]
[SourceQuality "1"]

1. d4 Nf6 2. c4 e6 3. g3 d5 4. Bg2 Be7 5. Nf3 0-0 6. 0-0 Nbd7 7. Qc2 c5 8. cxd5 exd5 9. Nc3 a6 10. Rd1 c4 11. Ne5 Nb6 12. b3 cxb3 13. Qxb3 Bf5 14. Bg5 Rc8 15. Rac1 Be4 16. Nxe4 Rxc1 17. Nxf6+ gxf6 18. Bxc1 fxe5 19. dxe5 Qc7 20. Bh6 Rd8 21. Rd4 f5 22. Bxd5+ Kh8 23. Rd1 Nxd5 24. Rxd5 Qc6 25. Rxd8+ Bxd8 26. Be3 Kg7 27. Qd3 Qc8 28. Qd6 Qc7 29. Bh6+ Kf7 30. Qd5+ Ke7 31. Bg5+ Ke8 32. Qg8+ Kd7 33. e6+ Kc8 34. e7 1-0

[Event "RUS-chT rapid (Women)"]
[Site "Sochi"]
[Date "2019.10.19"]
[Round "9.4"]
[White "Kovanova, Baira"]
[Black "Arutyunova, Yuliya"]
[Result "1-0"]
[WhiteElo "2344"]
[BlackElo "1846"]
[PlyCount "99"]
[EventDate "2019.10.18"]
[EventType "team-tourn (rapid)"]
[EventRounds "9"]
[EventCountry "RUS"]
[SourceTitle "CBM 192 Extra"]
[Source "Chessbase"]
[SourceDate "2019.11.06"]
[SourceVersion "1"]
[SourceVersionDate "2019.11.06"]
[SourceQuality "1"]
[WhiteTeam "Ugra (W)"]
[BlackTeam "Moscow Youth (W)"]
[WhiteTeamCountry "RUS"]
[BlackTeamCountry "RUS"]

1. Nf3 Nf6 2. c4 e6 3. e3 d5 4. b3 Be7 5. Nc3 0-0 6. Be2 b6 7. 0-0 Bb7 8. Bb2 Nbd7 9. Rc1 c6 10. d4 Rc8 11. Re1 dxc4 12. bxc4 Bb4 13. Qb3 Bxc3 14. Qxc3 Ne4 15. Qa3 Qc7 16. Red1 Qd6 17. Qxd6 Nxd6 18. Ba3 Ne4 19. Bxf8 Kxf8 20. Bd3 Nd6 21. c5 Ne8 22. Nd2 e5 23. Bf5 Rd8 24. Nc4 Ke7 25. Bxd7 Rxd7 26. Nxe5 Rc7 27. a4 f6 28. Nc4 b5 29. axb5 cxb5 30. Na5 Bd5 31. f3 f5 32. e4 fxe4 33. fxe4 Bf7 34. d5 Kd7 35. e5 Bh5 36. e6+ Kc8 37. Rf1 Re7 38. Rf8 b4 39. Nc6 Rc7 40. Nxb4 a5 41. Nc6 a4 42. Ra1 Rb7 43. d6 a3 44. d7+ Rxd7 45. exd7+ Kxd7 46. Nd4 Ke7 47. Rf5 Bg6 48. Re5+ Kf6 49. Re6+ Kg5 50. Rxa3 1-0

[Event "St Petersburg Korchnoi Memorial op"]
[Site "St Petersburg"]
[Date "2019.08.21"]
[Round "8"]
[White "Kundianok, Vladislav"]
[Black "Arutyunova, Yuliya"]
[Result "1/2-1/2"]
[WhiteElo "2123"]
[BlackElo "1831"]
[PlyCount "144"]
[EventDate "2019.08.14"]
[EventType "swiss"]
[EventRounds "9"]
[EventCountry "RUS"]
[SourceTitle "CBM 192"]
[Source "ChessBase"]
[SourceDate "2019.10.31"]
[SourceVersion "1"]
[SourceVersionDate "2019.10.31"]
[SourceQuality "1"]

1. e4 c5 2. Nf3 Nc6 3. d4 cxd4 4. Nxd4 Nf6 5. Nc3 e5 6. Ndb5 d6 7. Bg5 a6 8. Na3 b5 9. Nd5 Be7 10. Bxf6 Bxf6 11. c3 0-0 12. Nc2 Bg5 13. a4 Rb8 14. b4 f5 15. axb5 axb5 16. h4 Bh6 17. Bd3 f4 18. Na3 Na7 19. Qe2 Bd7 20. f3 Kh8 21. Qf2 Rb7 22. Nc2 Nc6 23. Ra6 Qe8 24. Kd2 Qh5 25. Rha1 g5 26. Ra8 Qxh4 27. Qxh4 gxh4 28. Nf6 Be6 29. Rxf8+ Bxf8 30. Ra6 Na7 31. Ne8 Nc8 32. Na3 Bd7 33. Nf6 h3 34. gxh3 Bxh3 35. Nxb5 Rg7 36. Ra8 Rg2+ 37. Be2 Kg7 38. Ne8+ Kf7 39. Rxc8 Bxc8 40. Nexd6+ Bxd6 41. Nxd6+ Ke6 42. Nxc8 h5 43. Ke1 h4 44. Bf1 Rg3 45. Kf2 h3 46. b5 h2 47. Bg2 Rg8 48. Na7 Ra8 49. b6 Rb8 50. Bh3+ Kf6 51. Kg2 Rxb6 52. Kxh2 Rb2+ 53. Bg2 Rb3 54. c4 Rc3 55. Bf1 Rxf3 56. Kg2 Rc3 57. Nb5 Rc1 58. Be2 Ke6 59. Kf3 Rg1 60. Kf2 Rc1 61. Nc7+ Kd6 62. Na6 Ra1 63. Nb4 Kc5 64. Nd5 Kd4 65. Nb4 Kxe4 66. c5 Rc1 67. c6 Kd4 68. Kf3 Rc3+ 69. Kg4 Kc5 70. Nd3+ Rxd3 71. Bxd3 Kxc6 72. Kf3 Kd5 1/2-1/2

[Event "St Petersburg Korchnoi Memorial op"]
[Site "St Petersburg"]
[Date "2019.08.15"]
[Round "2"]
[White "Odegov, Artem"]
[Black "Arutyunova, Yuliya"]
[Result "1-0"]
[WhiteElo "2261"]
[BlackElo "1831"]
[PlyCount "149"]
[EventDate "2019.08.14"]
[EventType "swiss"]
[EventRounds "9"]
[EventCountry "RUS"]
[SourceTitle "CBM 192"]
[Source "ChessBase"]
[SourceDate "2019.10.31"]
[SourceVersion "1"]
[SourceVersionDate "2019.10.31"]
[SourceQuality "1"]

1. d4 Nf6 2. c4 e6 3. g3 c5 4. dxc5 Bxc5 5. Bg2 Qb6 6. Nh3 0-0 7. 0-0 d5 8. cxd5 Nxd5 9. e4 Nf6 10. Nc3 Rd8 11. Qe2 Bd4 12. Nf4 Nc6 13. Rd1 Ne5 14. Be3 Bxe3 15. Qxe3 Bd7 16. Qxb6 axb6 17. Nfe2 b5 18. f4 Nc4 19. e5 Ng4 20. Bxb7 Rab8 21. Bf3 Nge3 22. Rd3 b4 23. Ne4 Bb5 24. Rxd8+ Rxd8 25. Kf2 Nd1+ 26. Kg1 Ndxb2 27. Nc1 Nd1 28. Rb1 Ndb2 29. Nd6 Nxd6 30. Rxb2 Nf5 31. Rxb4 Nd4 32. Be4 g6 33. Nb3 Ne2+ 34. Kf2 Nc3 35. Bf3 Rd7 36. Rxb5 Nxb5 37. Bc6 Ra7 38. Bxb5 Rxa2+ 39. Be2 Kf8 40. Nc5 Rc2 41. Ne4 h6 42. Kf3 Rb2 43. Ke3 Rb3+ 44. Bd3 Rb2 45. h3 Rb4 46. Nd6 Ke7 47. Ne4 Ra4 48. Bb5 Rb4 49. Bd3 Ra4 50. Nf6 Kf8 51. g4 Rb4 52. h4 Kg7 53. Ne4 Ra4 54. Nd6 Ra1 55. Ne8+ Kf8 56. Nf6 Kg7 57. h5 gxh5 58. Nxh5+ Kf8 59. f5 exf5 60. gxf5 Rh1 61. Be2 Rh4 62. Nf4 Rh1 63. Ke4 Ra1 64. f6 Ra5 65. Kf5 Kg8 66. Bc4 Rc5 67. Bd5 Ra5 68. e6 fxe6+ 69. Kxe6 Kh7 70. Be4+ Kg8 71. Bd5 Kh7 72. Ke7 Ra7+ 73. Kf8 Ra4 74. Bg8+ Kh8 75. Ng6# 1-0